000 00814nam a2200217 a 4500
001 000015471
005 20210608222418.0
008 100210s2003 dr c 000 0 spa d
020 _a9993423459
040 _aDO-SdBNP
_bspa
_cBNPHU
082 _a779.447293
_bG643s
100 1 _aGonzález, Julio
_d1967-
_934949
245 1 3 _aEl Santiago de los 70 /
_cJulio González.
260 _aSanto Domingo :
_bAmigo del Hogar,
_c2003.
300 _a311 p. :
_bretrs. ;
_c30 cm.
500 _aIncluye datos biográficos del autor: p. 311
590 _aInventariado, 2018/LP
650 0 _aSantiago de los Caballeros (República Dominicana)
_xHistoria
_xAnecdotas, chistes, satiras, etc.
_98271
650 4 _aCiudades y pueblos
_zRepública Dominicana
_vFOTOGRAFÍAS
_934951
910 _aValidado. Control de calidad MMOLINA
999 _c15027
_d15027